Angel in a thorn bush / (Record no. 131786)
[ view plain ]
| 000 -LEADER | |
|---|---|
| fixed length control field | 01375cam a2200361 i 4500 |
| 001 - CONTROL NUMBER | |
| control field | 19342197 |
| 003 - CONTROL NUMBER IDENTIFIER | |
| control field | ARRUPE |
| 005 - DATE AND TIME OF LATEST TRANSACTION | |
| control field | 20240208114944.0 |
| 008 - FIXED-LENGTH DATA ELEMENTS--GENERAL INFORMATION | |
| fixed length control field | 161020s2015 sa ab 000 0aeng d |
| 010 ## - LIBRARY OF CONGRESS CONTROL NUMBER | |
| LC control number | 2016440001 |
| 020 ## - INTERNATIONAL STANDARD BOOK NUMBER | |
| International Standard Book Number | 0994656122 |
| 020 ## - INTERNATIONAL STANDARD BOOK NUMBER | |
| International Standard Book Number | 9780994656124 |
| 020 ## - INTERNATIONAL STANDARD BOOK NUMBER | |
| Cancelled/invalid ISBN | 9780994656131 (ebk) |
| 035 ## - SYSTEM CONTROL NUMBER | |
| System control number | (OCoLC)ocn911172516 |
| 040 ## - CATALOGING SOURCE | |
| Original cataloging agency | YDXCP |
| Language of cataloging | eng |
| Transcribing agency | YDXCP |
| Description conventions | rda |
| Modifying agency | BDX |
| -- | OCLCQ |
| -- | EEM |
| -- | OCLCO |
| -- | DLC |
| 042 ## - AUTHENTICATION CODE | |
| Authentication code | lccopycat |
| 043 ## - GEOGRAPHIC AREA CODE | |
| Geographic area code | f------ |
| -- | f-rh--- |
| 050 00 - LIBRARY OF CONGRESS CALL NUMBER | |
| Classification number | CT9971.F96 |
| Item number | F96 2015 |
| 300 ## - PHYSICAL DESCRIPTION | |
| Other physical details | illustrations (some color), map ; |
| Dimensions | 24 cm |
| 100 1# - MAIN ENTRY--PERSONAL NAME | |
| Personal name | Fynn, Rob, |
| Relator term | author. |
| 9 (RLIN) | 52407 |
| 245 10 - TITLE STATEMENT | |
| Title | Angel in a thorn bush / |
| Statement of responsibility, etc | Rob Fynn. |
| 246 1# - VARYING FORM OF TITLE | |
| Display text | Subtitle from cover: |
| Title proper/short title | A safari guide in Rhodesia and Zimbabwe |
| 250 ## - EDITION STATEMENT | |
| Edition statement | Revised edition. |
| 260 ## - PUBLICATION, DISTRIBUTION, ETC. (IMPRINT) | |
| Place of publication, distribution, etc | Durban |
| Name of publisher, distributor, etc | 30 degrees South Publishers |
| Date of publication, distribution, etc | 2015 |
| 300 ## - PHYSICAL DESCRIPTION | |
| Extent | 337 pages : |
| 500 ## - GENERAL NOTE | |
| General note | Previous edition: Bloomington, IN : AuthorHouse, 2012. |
| 600 10 - SUBJECT ADDED ENTRY--PERSONAL NAME | |
| Personal name | Fynn, Rob. |
| 9 (RLIN) | 52407 |
| 650 #0 - SUBJECT ADDED ENTRY--TOPICAL TERM | |
| Topical term or geographic name as entry element | Adventure and adventurers |
| Geographic subdivision | Africa |
| Form subdivision | Biography. |
| 9 (RLIN) | 6116 |
| 650 #0 - SUBJECT ADDED ENTRY--TOPICAL TERM | |
| Topical term or geographic name as entry element | Adventure and adventurers |
| Geographic subdivision | Zimbabwe |
| Form subdivision | Biography. |
| 9 (RLIN) | 52408 |
| 775 08 - OTHER EDITION ENTRY | |
| Display text | Previous edition: |
| Main entry heading | Fynn, Rob |
| Title | Angel in a thorn bush. |
| Place, publisher, and date of publication | Bloomington, IN : AuthorHouse, 2012 |
| International Standard Book Number | 9781477246825 |
| Record control number | (OCoLC)865489143 |
| 906 ## - LOCAL DATA ELEMENT F, LDF (RLIN) | |
| a | 7 |
| b | cbc |
| c | copycat |
| d | 2 |
| e | ncip |
| f | 20 |
| g | y-gencatlg |
| 942 ## - ADDED ENTRY ELEMENTS (KOHA) | |
| Source of classification or shelving scheme | Library of Congress Classification |
| Koha item type | Monograph ( Printed materials) |
| Withdrawn status | Lost status | Source of classification or shelving scheme | Damaged status | Not for loan | Collection code | Home library | Current library | Shelving location | Date acquired | Total Checkouts | Full call number | Barcode | Date last seen | Price effective from | Koha item type |
|---|---|---|---|---|---|---|---|---|---|---|---|---|---|---|---|
| Library of Congress Classification | Main Collection | ARRUPE LIBRARY | ARRUPE LIBRARY | Main Collection | 08/02/2024 | CT9971.F96 F96 2015 | 46700000327 | 08/02/2024 | 08/02/2024 | Monograph ( Printed materials) |